000 01133cam a2200229 4500
001 ABS66491
008 030404n2003 000 0 eng u
035 _a(Sirsi) u121905
100 _aCummins, C.
245 _aSCL "Delay and disruption protocol": a curate's egg
260 _c2003
490 _aConstruction Law Bulletin
_v March 2003, 8-10(3)
520 _aReviews the Society of Construction Law's "Delay and disruption protocol" which supplies guidance on the subject and provides a scheme for the management of change which is fair, balanced, clear and comprehensive. Argues the protocol goes some way to providing this, but also illustrates that it fails to give practical solutions to some major problems, such as disputes during the course of the works due to extensions of time. Concludes that the protocol is a sound basis for better understanding between employers and contributors.
590 _aABS
650 _aDELAY ANALYSIS
650 _aEXTENSIONS OF TIME
650 _aPROTOCOLS
650 _aDISRUPTION
650 _aDISPUTES
690 _aBUILT ENVIRONMENT-BUILDING CONTRACT FORMS
942 _n0
999 _c72451
_d72451